Understanding growth and poverty : theory, policy and empirics.
| Corporate Author: | |
|---|---|
| Format: | Book |
| Published: |
Washington D.C:
The World Bank,
2011.
|
| Subjects: |
| LEADER | 00513cam a2200169 7i4500 | ||
|---|---|---|---|
| 001 | 0000027802 | ||
| 005 | 20120606090000.0 | ||
| 020 | 0 | 0 | |a 9780821369531 |
| 090 | 0 | 0 | |a I 339.46 |b WOR |
| 110 | 2 | 0 | |a The World Bank |
| 245 | 2 | 0 | |a Understanding growth and poverty : |b theory, policy and empirics. |
| 260 | 0 | 0 | |a Washington D.C: |b The World Bank, |c 2011. |
| 300 | # | # | |a 498 p. |
| 650 | 0 | 0 | |a Economic development |
| 650 | 0 | 0 | |a Development economics |
| 650 | 0 | 0 | |a Poverty |
| 999 | |a 0000030284 |b Book |c International |e Business Information Centre | ||


